Statistics for European Wars

Click here to take the quiz!

General Stats

  • This quiz has been taken 1,362 times
  • The average score is 10 of 20

Answer Stats

HintAnswer% Correct
Franz Ferdinand, Trench WarfareWorld War I
92%
Hitler, NormandyWorld War II
92%
Joan of Arc, AgincourtHundred Years' War
83%
Lancaster v. York, TudorsWar of the Roses
81%
Carthage, Crossing the AlpsPunic Wars
79%
Francisco Franco, GuernicaSpanish Civil War
77%
Florence Nightingale, Charge of the Light BrigadeCrimean War
63%
Cavaliers, Oliver CromwellEnglish Civil War
60%
Defenestration of Prague, Gustavus AdolphusThirty Years' War
60%
Jameson Raid, South AfricaBoer Wars
57%
French and Indian War, IndiaSeven Years' War
53%
Athens v. Sparta, Peace of NiciasPeloponnesian War
38%
Ems Dispatch, Battle of SedanFranco-Prussian War
36%
Peter the Great, Russia v. SwedenGreat Northern War
33%
Louis XIV, Treaty of UtrechtWar of Spanish Succession
29%
Port Arthur, Treaty of PortsmouthRusso-Japanese War
27%
Napoleonic Spain, "The Third of May 1808"Peninsula War
26%
Pragmatic Sanction, Treaty of Aix-la-ChapelleWar of Austrian Succession
20%
Council of Blood, Union of UtrechtEighty Years' War
18%
St. Bartholomew's Day Massacre, Henry IV of NavarreFrench Wars of Religion
15%

Score Distribution

Percentile by Number Answered

Percent of People with Each Score

Your Score History

You have not taken this quiz